000 00775nam a2200253Ia 4500
003 OSt
005 20220918192721.0
006 a|||||r|||| 00| 0
007 ta
008 220917b |||||||| |||| 00| 0 eng d
024 _a69,795
037 _cTextual
040 _aARTS
_cARTS
_beng
041 _2eng
_aeng
082 _aQ0aA, L3
100 _aVan Baaren T
_979913
245 0 _aReligion, culture and methodology
_b papers of the groningen working group for the study of fundamental problems and methods of science of religion
260 _aThe
_bHague Mouton
_c1973
300 _a171p.
_ccm.
650 _aRELIGION
700 _a Drijvers H J W
_979914
942 _hQ0aA, L3
_cTEXL
_2CC
999 _c195925
_d195925